000 01005nam a2200265 a 4500
001 BRCA_482
005 20190320203029.0
008 970930s1996 sp-a---##b---#001-0#spa-#
020 _a8492004576
040 _aDLC
_cDLC
_dDLC
050 4 _aNE2362
_b.C37 1996
245 1 0 _aCatálogo de la colección de estampas de la Fundación Focus [Fundación Fondo de Cultura]
_cJuan Carrete Parrondo, Jesusa Vega, Gloria Solache.
260 _aSevilla
_bFundación Fondo de Cultura de Sevilla
_c[1996]
300 _a140 p.
_bil.
_c26 cm.
500 _aIncluye índice onomástico
500 _aIncluye ´Breves apuntes biográficos de grabadores y litógrafos´
504 _aBibliografía: p. 131-134
650 1 4 _aArte gráfico
_vTécnicas
_xGrabado y litografía
_91653
650 1 4 _aImpresiones europeas
_vCatálogos
_91654
650 1 4 _aImpresiones
_vCatálogos
_zEspaña
_91655
700 1 _aCarrete Parrondo, Juan
_91656
700 1 _aVega, Jesusa
_91657
700 1 _aSolache, Gloria
_91658
942 _2lcc
_cB
999 _c416
_d416